01056nam a22002657a 45000010005000000030006000050050017000110080041000280200015000690400029000840500017001130820011001301000032001412450081001732500041002542600034002953000039003295050007003685200292003755210018006675210018006856500030007036500027007337000030007606307FISKH20250409153151.0250409b cb ||||| |||| 00| 0 eng d a0590697765 aFISKHbengcFISKHdFISKH aPZ7.B46626 B a813.54 aBetancourt, Jeanned(1941-) aPony pals :bThe baby pony /cJeanne Betancourt ; illustrated by Paul Bachem aThis edition first published in 1996 aNew York :bScholastic,c1996 a91 pages :billustrations ;c20 cm aP  aWhen a foal is dropped off at the Crandal Animal Clinic, the Pony Pals want to care for the baby pony, who has no mother and no home. But caring for the foal is a lot of work, and the pony is not easy to control. Can the Pony Pals find a way to care for the pony? Will the pony survive? 8 a630 bLexile 8 aP bRaz-Plus  2Pony PalsaAnimal fiction 2HorsesaEarly Chapters aBachem, Pauldillustrator